000 00732nam a2200193 4500
001 115923
003 ES-MaACL
005 20250816063139.0
007 t|
008 061121s1949 sp r ||||1| spa d
100 1 _aPan, Ismael del.
_988740
245 1 0 _aInfluencia de la Real Sociedad Española de Historia Natural en la divulgación y enseñanza de las Ciencias Naturales /
_cIsmael del Pan Fernández.
260 _aMadrid :
_b[s.n.],
_c1949.
300 _a8 h. ;
_c24 cm.
594 _5Tirada aparte del Boletín de la Real Sociedad Española de Historia Natural, 1949, tomo extraordinario, p. 29-44
852 4 _aES-MaACL
_bR.28847
_cDEPOF
_j1900-F-18
942 _2udc
_cFOLLETOS
_n0
999 _c115923
_d115923